00848nam a2200241Ia 4500003000400000005001700004008004100021020001800062040001800080041000800098082002100106100002900127245005000156250001200206260003200218300003100250650004700281650003200328650002900360942003000389999001900419952016800438OSt20260130111223.0210716s2012 xx 000 0 und d a9788177225167 cAIMIT LIBRARY aeng a338.04 21bAGAV aAgarwal, Vishal.9253277 aRetail store operations /cBy Vishal Agarwal. a2nd ed. aNew Delhi :bWILEY ,c2012. axxvii,380p. ;bPBc23.9 cm aFront operations and merchandizing9253278 aSecurity management9253279 aStock management9253280 2ddccBKe1stk338.04 AGAV c197241d197241 00102ddc40708MCAaAIMITbAIMITeKnowledge Worldg399.00iBill no:929; Bill dt:2020-03-16l0o338.04 AGAVpMCA16756r2026-05-23 00:00:00v299.25w2021-07-16yBK